000 01740nam0a2200349 i 4500
001 RU\NLR\bibl\1966406
005 20260405214042.0
021 _aRU
_b2012-80782
_95989
035 _a(nilc)RuMoRGB-005515745
035 _a(NLR Aleph) 001955323
090 _a3751406
_c3751406
100 _a20121029d2012 u y0rusy50 ca
101 0 _arus
_aeng
102 _aRU
105 _ay |||||||||
200 1 _aHow to do things with texts
_e(как работать с текстом)
_eучебное пособие по направлениям подготовки 032700 "Филология", 035700 "Лингвистика": для изучающих английский язык
_fЛ. А. Фурс, И. Ю. Мостовская
_gМ-во образования и науки Рос. Федерации, Тамб. гос. ун-т им. Г. Р. Державина
210 _aТамбов
_cИзд-во ТГУ
_d2012
215 _a212 с.
_d20
300 _aТекст на рус. и англ. яз.
320 _aБиблиогр.: с. 212 (7 назв.)
606 1 _aАнглийский язык
_jУчебные издания для высших учебных заведений
_xСтилистика
_9977129
_3RU\NLR\auth\6648589
686 _aШ143.21-93рус3-70
700 1 _4070
_8rus
_7ca
_aФурс
_bЛ. А.
_gЛюдмила Алексеевна
_3RU\NLR\auth\7740410
_923362
701 1 _4070
_8rus
_7ca
_aМостовская
_bИ. Ю.
_gИрина Юрьевна
_3RU\NLR\auth\7797042
_979968
801 0 _aRU
_bRuMoRKP
_c20121029
_gRCR
801 2 _aRU
_bРГБ
_c20121211
801 1 _aRU
_bRuMoRKP
_c20121029
_2rusmarc
801 2 _aRU
_bNLR
_c20121113
_grcr
942 _cBOOK
980 _aNBR